[Event "Nancy Rapid 19th"]
[Site "Nancy"]
[Date "2021.10.24"]
[Round "6"]
[White "Daeschler, Florian"]
[Black "Frantz, Nicolas"]
[Result "1-0"]
[WhiteElo "2273"]
[BlackElo "2079"]
[PlyCount "69"]
[EventDate "2021.10.24"]
[EventType "swiss (rapid)"]
[EventRounds "9"]
[EventCountry "FRA"]
[SourceTitle "CBM 204 Extra"]
[Source "ChessBase"]
[SourceDate "2021.11.30"]
[SourceVersion "1"]
[SourceVersionDate "2021.11.30"]
[SourceQuality "1"]

1. d4 d5 2. c4 c6 3. Nf3 Nf6 4. e3 Bg4 5. h3 Bh5 6. g4 Bg6 7. Ne5 Nbd7 8. Nxg6 hxg6 9. g5 Ne4 10. cxd5 cxd5 11. Nc3 Nxc3 12. bxc3 e6 13. Qb3 Qc7 14. c4 dxc4 15. Bxc4 Rc8 16. Bd3 Be7 17. Bd2 0-0 18. h4 Qc6 19. Ke2 e5 20. Rac1 Qd6 21. Rxc8 Rxc8 22. h5 Nf8 23. dxe5 Qxe5 24. hxg6 Ne6 25. gxf7+ Kxf7 26. f4 Qd6 27. f5 Qc6 28. fxe6+ Kg8 29. Bh7+ Kf8 30. Rf1+ Ke8 31. Bg6+ Kd8 32. Qd3+ Bd6 33. Rf8+ Ke7 34. Rf7+ Kd8 35. Rd7+ 1-0

[Event "FRA-chT Top 12"]
[Site "Chalons en Champagne"]
[Date "2021.07.02"]
[Round "9.5"]
[White "Roubert, Emile"]
[Black "Frantz, Nicolas"]
[Result "1/2-1/2"]
[WhiteElo "2067"]
[BlackElo "2140"]
[PlyCount "76"]
[EventDate "2021.06.24"]
[EventType "team-tourn"]
[EventRounds "11"]
[EventCountry "FRA"]
[SourceTitle "CBM 203 Extra"]
[Source "ChessBase"]
[SourceDate "2021.09.30"]
[SourceVersion "1"]
[SourceVersionDate "2021.09.30"]
[SourceQuality "1"]
[WhiteTeam "Agenais Echiquier"]
[BlackTeam "Vandoeuvre"]
[WhiteTeamCountry "FRA"]
[BlackTeamCountry "FRA"]

1. e4 c5 2. Nf3 Nc6 3. d4 cxd4 4. Nxd4 Nf6 5. Nc3 d6 6. Bg5 e6 7. Qd2 a6 8. 0-0-0 Bd7 9. f4 h6 10. Bxf6 Qxf6 11. e5 dxe5 12. Ndb5 0-0-0 13. fxe5 Qxe5 14. Nd6+ Bxd6 15. Qxd6 Be8 16. Qxe5 Rxd1+ 17. Nxd1 Nxe5 18. Be2 Bc6 19. Ne3 f5 20. Rf1 g5 21. g3 h5 22. Nxf5 exf5 23. Rxf5 Nd7 24. Rxg5 h4 25. gxh4 Rxh4 26. Rh5 Rxh5 27. Bxh5 Kc7 28. Be8 Ne5 29. Bxc6 Kxc6 30. h4 Kd5 31. h5 Ng4 32. Kd2 Kd4 33. c3+ Ke4 34. a4 b6 35. b3 Nh6 36. Ke2 Ng4 37. Kd2 Nh6 38. Ke2 Ng4 1/2-1/2

[Event "EU-Cup Online Gr-B"]
[Site "Tornelo INT"]
[Date "2021.03.27"]
[Round "1.4"]
[White "Frantz, Nicolas"]
[Black "Kramer, Julian"]
[Result "1/2-1/2"]
[WhiteElo "2140"]
[BlackElo "2419"]
[PlyCount "78"]
[EventDate "2021.03.27"]
[EventType "team-tourn (rapid)"]
[EventRounds "9"]
[EventCountry "NET"]
[SourceTitle "CBM 201 Extra"]
[Source "ChessBase"]
[SourceDate "2021.05.31"]
[SourceVersion "1"]
[SourceVersionDate "2021.05.31"]
[SourceQuality "1"]
[WhiteTeam "Vandoeuvre"]
[BlackTeam "Hamburger SK"]
[WhiteTeamCountry "FRA"]
[BlackTeamCountry "GER"]

1. e4 c5 2. Nf3 d6 3. d4 cxd4 4. Qxd4 Nc6 5. Bb5 a6 6. Bxc6+ bxc6 7. c4 e5 8. Qd3 Ne7 9. c5 Qa5+ 10. Nc3 Qxc5 11. 0-0 Ng6 12. Be3 Qb4 13. a3 Qb7 14. b4 Be7 15. Rac1 0-0 16. Na4 Qb5 17. Qc2 Rb8 18. Rfd1 Bd7 19. Nc3 Qb7 20. h3 h6 21. Na4 Kh7 22. Nb6 Be8 23. Nc4 Qc7 24. Na5 c5 25. Rd5 Qd8 26. Nc4 Bc6 27. Rdd1 cxb4 28. Ncxe5 Ba8 29. Nxg6 fxg6 30. axb4 Rxb4 31. Nd4 Qd7 32. Qc7 Rb7 33. Qxd7 Rxd7 34. Ne6 Rb8 35. e5 a5 36. Nc5 Rdd8 37. Ne6 Rd7 38. Nc5 Rdd8 39. Ne6 Rd7 1/2-1/2

[Event "EU-Cup Online Gr-B"]
[Site "Tornelo INT"]
[Date "2021.03.27"]
[Round "4.4"]
[White "Zlatin, Alexander"]
[Black "Frantz, Nicolas"]
[Result "1-0"]
[WhiteElo "2343"]
[BlackElo "2140"]
[PlyCount "61"]
[EventDate "2021.03.27"]
[EventType "team-tourn (rapid)"]
[EventRounds "9"]
[EventCountry "NET"]
[SourceTitle "CBM 201 Extra"]
[Source "ChessBase"]
[SourceDate "2021.05.31"]
[SourceVersion "1"]
[SourceVersionDate "2021.05.31"]
[SourceQuality "1"]
[WhiteTeam "Tsafrir Rehovot"]
[BlackTeam "Vandoeuvre"]
[WhiteTeamCountry "ISR"]
[BlackTeamCountry "FRA"]

1. e4 c5 2. d4 cxd4 3. c3 Nf6 4. e5 Nd5 5. cxd4 d6 6. Nf3 e6 7. Nc3 Nxc3 8. bxc3 Qc7 9. Bd2 Nd7 10. Bb5 a6 11. exd6 Bxd6 12. Bd3 0-0 13. 0-0 b5 14. a4 bxa4 15. Rxa4 Bb7 16. h3 Bf4 17. Bxf4 Qxf4 18. Bxh7+ Kxh7 19. Qb1+ Kg8 20. Qxb7 Nc5 21. g3 Qxg3+ 22. fxg3 Nxb7 23. Ne5 a5 24. c4 Rfd8 25. c5 f6 26. Nf3 e5 27. c6 Nd6 28. dxe5 fxe5 29. Nxe5 Nb5 30. Ng6 Ra7 31. Rh4 1-0

[Event "Ville d'Orsay online Blitz"]
[Site "Europe Echecs INT"]
[Date "2021.02.07"]
[Round "6"]
[White "Frantz, Nicolas"]
[Black "Ros, David"]
[Result "1-0"]
[WhiteElo "2140"]
[BlackElo "1761"]
[PlyCount "53"]
[EventDate "2021.02.07"]
[EventType "swiss (blitz)"]
[EventRounds "11"]
[EventCountry "FRA"]
[SourceTitle "CBM 200 Extra"]
[Source "ChessBase"]
[SourceDate "2021.03.31"]
[SourceVersion "1"]
[SourceVersionDate "2021.03.31"]
[SourceQuality "1"]

1. e4 e6 2. d4 d5 3. Nd2 c5 4. exd5 exd5 5. Ngf3 cxd4 6. Nb3 Nc6 7. Bb5 Bd7 8. 0-0 Nf6 9. Nbxd4 Be7 10. Re1 0-0 11. h3 Bc5 12. Bf1 h6 13. Be3 Qb6 14. Rb1 Rfe8 15. c3 Re7 16. b4 Bd6 17. Nf5 Bxf5 18. Bxb6 Bxb1 19. Rxe7 Nxe7 20. Bd4 Bxa2 21. Bd3 Ng6 22. Bxf6 gxf6 23. Nd4 Re8 24. g3 Ne5 25. Bc2 a6 26. Qh5 Kg7 27. Nf5+ 1-0

[Event "Cappelle Online Blitz op 1st"]
[Site "Europe Echecs INT"]
[Date "2021.01.10"]
[Round "4"]
[White "Frantz, Nicolas"]
[Black "Bain Thouverez, Aurelien"]
[Result "1-0"]
[WhiteElo "2140"]
[BlackElo "1763"]
[PlyCount "61"]
[EventDate "2021.01.10"]
[EventType "swiss (blitz)"]
[EventRounds "11"]
[EventCountry "FRA"]
[SourceTitle "CBM 200 Extra"]
[Source "ChessBase"]
[SourceDate "2021.03.31"]
[SourceVersion "1"]
[SourceVersionDate "2021.03.31"]
[SourceQuality "1"]

1. e4 Nf6 2. e5 Nd5 3. d4 d6 4. Nf3 g6 5. c4 Nb6 6. Nc3 Bg7 7. exd6 cxd6 8. Be2 0-0 9. Be3 Bg4 10. b3 Nc6 11. Rc1 Bxf3 12. Bxf3 e5 13. d5 Nd4 14. 0-0 Nxf3+ 15. Qxf3 f5 16. c5 dxc5 17. Bxc5 Re8 18. Rfd1 Nd7 19. Ba3 Rc8 20. Bb2 Nc5 21. Nb5 e4 22. Qe2 Bxb2 23. Qxb2 Nd3 24. Rxc8 Qxc8 25. Qd2 Qc5 26. Nc3 Rd8 27. h3 a5 28. g4 b5 29. gxf5 gxf5 30. Qg5+ Kh8 31. Qxd8+ 1-0

[Event "Cappelle Online Blitz op 1st"]
[Site "Europe Echecs INT"]
[Date "2021.01.10"]
[Round "2"]
[White "Frantz, Nicolas"]
[Black "Solodovnichenko, Yuri"]
[Result "0-1"]
[WhiteElo "2140"]
[BlackElo "2546"]
[PlyCount "64"]
[EventDate "2021.01.10"]
[EventType "swiss (blitz)"]
[EventRounds "11"]
[EventCountry "FRA"]
[SourceTitle "CBM 200 Extra"]
[Source "ChessBase"]
[SourceDate "2021.03.31"]
[SourceVersion "1"]
[SourceVersionDate "2021.03.31"]
[SourceQuality "1"]

1. e4 c5 2. Nf3 e6 3. b3 Nf6 4. e5 Nd5 5. c4 Nb4 6. Bb2 d6 7. exd6 Qxd6 8. d4 cxd4 9. a3 N4c6 10. Bd3 e5 11. 0-0 Bg4 12. h3 Bh5 13. Re1 Nd7 14. Nbd2 Be7 15. b4 0-0 16. c5 Qh6 17. Nc4 f5 18. b5 e4 19. bxc6 Nxc5 20. Be2 d3 21. Bf1 Bf6 22. Bxf6 Qxf6 23. cxb7 Rab8 24. Rb1 exf3 25. g3 f4 26. g4 Bg6 27. Ne5 Rfd8 28. Qxf3 d2 29. Red1 Bxb1 30. Nc6 Be4 31. Bc4+ Kh8 32. Qe2 Bxc6 0-1

[Event "Cappelle Online Blitz op 1st"]
[Site "Europe Echecs INT"]
[Date "2021.01.10"]
[Round "6"]
[White "Frantz, Nicolas"]
[Black "Vine, Thibault"]
[Result "1-0"]
[WhiteElo "2140"]
[BlackElo "1850"]
[PlyCount "39"]
[EventDate "2021.01.10"]
[EventType "swiss (blitz)"]
[EventRounds "11"]
[EventCountry "FRA"]
[SourceTitle "CBM 200 Extra"]
[Source "ChessBase"]
[SourceDate "2021.03.31"]
[SourceVersion "1"]
[SourceVersionDate "2021.03.31"]
[SourceQuality "1"]

1. e4 c5 2. Nf3 Nc6 3. Bb5 d6 4. d4 cxd4 5. Qxd4 e5 6. Qd3 Nf6 7. Bg5 Be7 8. Nc3 h6 9. Bxf6 Bxf6 10. h3 0-0 11. Bc4 a6 12. a4 Qc7 13. 0-0 Nb4 14. Qe2 Nxc2 15. Nd5 Qc5 16. Nxf6+ gxf6 17. Qxc2 Be6 18. Bd3 Qb4 19. Qd2 Kg7 20. Qxb4 1-0

[Event "Metz op 37th"]
[Site "Metz"]
[Date "2019.04.13"]
[Round "8"]
[White "Frantz, Nicolas"]
[Black "Colson, Arnaud"]
[Result "1-0"]
[WhiteElo "2115"]
[BlackElo "2028"]
[PlyCount "81"]
[EventDate "2019.04.08"]
[EventType "swiss"]
[EventRounds "9"]
[EventCountry "FRA"]
[SourceTitle "CBM 189 Extra"]
[Source "ChessBase"]
[SourceDate "2019.06.03"]
[SourceVersion "1"]
[SourceVersionDate "2019.06.03"]
[SourceQuality "1"]

1. e4 c5 2. Nf3 d6 3. d4 cxd4 4. Qxd4 Bd7 5. h3 Nc6 6. Qe3 g6 7. c4 Bg7 8. Nc3 Nb4 9. Qd2 Qa5 10. Be2 Bxc3 11. bxc3 Na6 12. 0-0 Nf6 13. Qd4 Nc5 14. e5 dxe5 15. Qxe5 b6 16. Bh6 Rg8 17. Qe3 Nce4 18. Bd3 Qc5 19. Qe1 Nd6 20. Bg5 Be6 21. Qe2 0-0-0 22. Be3 Qc7 23. c5 bxc5 24. Ba6+ Kb8 25. Rab1+ Ka8 26. Bf4 Rb8 27. Ng5 Bd5 28. c4 Bb7 29. Bxb7+ Rxb7 30. Qf3 Nh5 31. Bh2 Ng7 32. Nxf7 Ngf5 33. Nxd6 Nxd6 34. Rfe1 Qd7 35. Rxb7 Qxb7 36. Qxb7+ Kxb7 37. Rxe7+ Kc6 38. Re6 Rd8 39. Rxd6+ Rxd6 40. Bxd6 Kxd6 41. f4 1-0

[Event "Metz op 37th"]
[Site "Metz"]
[Date "2019.04.12"]
[Round "6"]
[White "Frantz, Nicolas"]
[Black "Oblin, Pierre"]
[Result "1/2-1/2"]
[WhiteElo "2115"]
[BlackElo "1801"]
[PlyCount "45"]
[EventDate "2019.04.08"]
[EventType "swiss"]
[EventRounds "9"]
[EventCountry "FRA"]
[SourceTitle "CBM 189 Extra"]
[Source "ChessBase"]
[SourceDate "2019.06.03"]
[SourceVersion "1"]
[SourceVersionDate "2019.06.03"]
[SourceQuality "1"]

1. e4 c5 2. Nf3 a6 3. c4 Nc6 4. d4 cxd4 5. Nxd4 Nf6 6. Nc3 e6 7. Nxc6 dxc6 8. Qxd8+ Kxd8 9. e5 Nd7 10. f4 Kc7 11. Be3 f5 12. exf6 gxf6 13. Ne4 Bb4+ 14. Kf2 b6 15. a3 Be7 16. Be2 c5 17. Bf3 Bb7 18. Rhd1 Rad8 19. Rab1 Nb8 20. Nd2 Bxf3 21. Nxf3 Rxd1 22. Rxd1 Nc6 23. Re1 1/2-1/2

[Event "Metz op 37th"]
[Site "Metz"]
[Date "2019.04.09"]
[Round "2"]
[White "Llapasset, Jean Louis"]
[Black "Frantz, Nicolas"]
[Result "1-0"]
[WhiteElo "2062"]
[BlackElo "2115"]
[PlyCount "101"]
[EventDate "2019.04.08"]
[EventType "swiss"]
[EventRounds "9"]
[EventCountry "FRA"]
[SourceTitle "CBM 189 Extra"]
[Source "ChessBase"]
[SourceDate "2019.06.03"]
[SourceVersion "1"]
[SourceVersionDate "2019.06.03"]
[SourceQuality "1"]

1. e4 c5 2. Nf3 Nc6 3. d4 cxd4 4. Nxd4 Nf6 5. Nc3 d6 6. h3 e5 7. Nde2 Be6 8. Bg5 Be7 9. Qd2 Qa5 10. a3 0-0 11. g3 h6 12. Bxf6 Bxf6 13. 0-0-0 Rfd8 14. Bg2 Rab8 15. Nd5 Qxd2+ 16. Rxd2 Bxd5 17. Rxd5 Rbc8 18. Kb1 g6 19. c3 Bg7 20. Rhd1 Bf8 21. h4 Be7 22. h5 Kg7 23. f4 exf4 24. hxg6 f3 25. Bxf3 fxg6 26. Nf4 Re8 27. Bg4 Rb8 28. Bd7 Rg8 29. Ne6+ Kh7 30. Nd4 Ne5 31. Be6 Rgf8 32. Nb5 Rf6 33. Bh3 Nf7 34. Nxa7 Ng5 35. Bg2 Rf2 36. R1d2 Rbf8 37. Nb5 R8f6 38. Kc2 Nf7 39. Rxf2 Rxf2+ 40. Rd2 Rf6 41. e5 Nxe5 42. Bxb7 Nc4 43. Re2 Bf8 44. a4 h5 45. b4 Bh6 46. Kb3 Nd2+ 47. Ka2 Nf1 48. a5 Nxg3 49. Re7+ Kh8 50. a6 Rf2+ 51. Kb3 1-0

[Event "Vaujany op 9th"]
[Site "Vaujany"]
[Date "2018.07.15"]
[Round "4"]
[White "Alexieva, Silvia"]
[Black "Frantz, Nicolas"]
[Result "1-0"]
[WhiteElo "2266"]
[BlackElo "2080"]
[PlyCount "75"]
[EventDate "2018.07.12"]
[EventType "swiss"]
[EventRounds "9"]
[EventCountry "FRA"]
[SourceTitle "EXT 2019"]
[Source "ChessBase"]
[SourceDate "2018.10.10"]
[SourceVersion "1"]
[SourceVersionDate "2018.10.10"]
[SourceQuality "1"]

1. c4 e5 2. Nc3 Bb4 3. g3 Bxc3 4. bxc3 Nc6 5. Bg2 d6 6. d3 Nge7 7. Rb1 Rb8 8. f4 Be6 9. Nf3 0-0 10. 0-0 h6 11. a4 f5 12. Qc2 Ng6 13. Bd2 Nce7 14. c5 exf4 15. Nd4 Bf7 16. cxd6 Qxd6 17. gxf4 c6 18. Rf2 a6 19. e4 fxe4 20. dxe4 c5 21. e5 Qc7 22. Ne2 Be6 23. Ng3 Nh4 24. Be4 Nhf5 25. Nh5 Kh8 26. Rg2 b5 27. axb5 axb5 28. Kh1 Qd7 29. Rbg1 Rf7 30. Bc1 b4 31. cxb4 cxb4 32. Qe2 b3 33. Bb2 Rb4 34. Nf6 gxf6 35. exf6 Rxe4 36. Qxe4 Nc6 37. Rg8+ Kh7 38. R1g7+ 1-0

[Event "Oberliga Sued W 1718"]
[Site "Germany"]
[Date "2018.01.21"]
[Round "7.7"]
[White "Frantz, Nicolas"]
[Black "Christen, Pierre"]
[Result "1-0"]
[WhiteElo "2071"]
[BlackElo "2004"]
[PlyCount "113"]
[EventDate "2017.09.10"]
[EventType "team-tourn"]
[EventRounds "11"]
[EventCountry "GER"]
[SourceTitle "EXT 2019"]
[Source "ChessBase"]
[SourceDate "2018.10.10"]
[SourceVersion "1"]
[SourceVersionDate "2018.10.10"]
[SourceQuality "1"]
[WhiteTeam "Saarbruecken SVG"]
[BlackTeam "Trier"]
[WhiteTeamCountry "GER"]
[BlackTeamCountry "GER"]

1. e4 c6 2. d4 d5 3. Nd2 dxe4 4. Nxe4 Bf5 5. Ng3 Bg6 6. N1e2 e6 7. Nf4 Bd6 8. c3 Ne7 9. h4 Nd7 10. h5 Bf5 11. Nxf5 Nxf5 12. Bd3 Qc7 13. Ne2 Ne7 14. Qc2 0-0-0 15. Bd2 h6 16. 0-0-0 Nd5 17. g3 Rhe8 18. f4 Kb8 19. Kb1 f6 20. Rdf1 f5 21. Re1 N7f6 22. Qb3 Qb6 23. Qxb6 Nxb6 24. b4 Nbd5 25. Nc1 Ng4 26. Re2 Nc7 27. Kc2 b6 28. Nb3 Bf8 29. Bc4 Nf6 30. Bd3 Rd7 31. Ree1 Red8 32. a4 c5 33. bxc5 bxc5 34. Na5 Rd6 35. Rb1+ Ka8 36. Nb7 cxd4 37. Nxd6 Rxd6 38. cxd4 Rxd4 39. a5 Ncd5 40. Ba6 Bb4 41. Bxb4 Rxb4 42. Rhe1 Ne4 43. Bb5 Kb8 44. Bc6 Kc7 45. Bxd5 Rxb1 46. Rxb1 exd5 47. Rb3 Nc5 48. Re3 Ne4 49. Kd3 Kc6 50. Kd4 Kd6 51. Rb3 Nc5 52. Rb8 Ne6+ 53. Kd3 a6 54. Rb6+ Kd7 55. Rb7+ Nc7 56. Kd4 Kd6 57. Rxc7 1-0

[Event "Oberliga Sued W 1718"]
[Site "Germany"]
[Date "2017.11.12"]
[Round "4.6"]
[White "Frantz, Nicolas"]
[Black "Helbig, Daniel"]
[Result "0-1"]
[WhiteElo "2071"]
[BlackElo "2159"]
[PlyCount "76"]
[EventDate "2017.09.10"]
[EventType "team-tourn"]
[EventRounds "11"]
[EventCountry "GER"]
[SourceTitle "EXT 2019"]
[Source "ChessBase"]
[SourceDate "2018.10.10"]
[SourceVersion "1"]
[SourceVersionDate "2018.10.10"]
[SourceQuality "1"]
[WhiteTeam "Saarbruecken SVG"]
[BlackTeam "Worms"]
[WhiteTeamCountry "GER"]
[BlackTeamCountry "GER"]

1. e4 c5 2. Nf3 Nc6 3. Bb5 Nf6 4. Bxc6 dxc6 5. d3 Qc7 6. h3 e5 7. a4 h6 8. Na3 Be6 9. Qe2 Be7 10. b3 Nd7 11. Nc4 g5 12. Be3 f6 13. Nfd2 Nf8 14. h4 Rg8 15. hxg5 hxg5 16. g3 Bf7 17. Kf1 Ne6 18. c3 0-0-0 19. b4 Qd7 20. b5 Rh8 21. Kg2 Rxh1 22. Rxh1 cxb5 23. axb5 Qxd3 24. Qg4 Qd7 25. Qf5 Nf4+ 26. Bxf4 Qxf5 27. exf5 Bd5+ 28. f3 exf4 29. Rh7 Bd6 30. g4 Bg8 31. Rg7 Be5 32. b6 Bb8 33. Kf2 a5 34. Ke2 a4 35. Na3 Be5 36. Ne4 Bd5 37. Nf2 Bxc3 38. Nd3 Bb4 0-1

[Event "Avoine op 30th"]
[Site "Avoine"]
[Date "2015.07.18"]
[Round "1"]
[White "Malassagne, Raphael"]
[Black "Frantz, Nicolas"]
[Result "1-0"]
[WhiteElo "2185"]
[BlackElo "1954"]
[PlyCount "85"]
[EventDate "2015.07.18"]
[EventType "swiss"]
[EventRounds "9"]
[EventCountry "FRA"]
[SourceTitle "EXT 2016"]
[Source "ChessBase"]
[SourceDate "2015.10.08"]
[SourceVersion "1"]
[SourceVersionDate "2015.10.08"]
[SourceQuality "1"]

1. c4 e5 2. g3 Nf6 3. Bg2 Bc5 4. Nf3 Nc6 5. 0-0 d6 6. d3 0-0 7. Nc3 a6 8. a3 Ba7 9. b4 Bf5 10. b5 axb5 11. cxb5 Nd4 12. Nh4 Bd7 13. a4 Qc8 14. Bg5 Bg4 15. Bxf6 gxf6 16. Qd2 Kg7 17. Ra2 Bb6 18. e3 Nf5 19. Nxf5+ Bxf5 20. Nd5 Ba5 21. Qe2 Qd7 22. Rb1 Rab8 23. Rab2 Rfe8 24. Rb3 Bg4 25. Qc2 Be6 26. Qc4 Rbc8 27. Qh4 Qd8 28. R3b2 Rb8 29. b6 c6 30. Nc7 Rg8 31. Nxe6+ fxe6 32. Bh3 Qe7 33. d4 Rbe8 34. Rd1 d5 35. Rb3 Kh8 36. e4 exd4 37. exd5 exd5 38. Qxd4 Qe5 39. Qh4 Be1 40. Rf3 Bc3 41. Re3 Qd6 42. Rxc3 Re4 43. Qxe4 1-0

[Event "FRA-ch U20"]
[Site "Pau"]
[Date "2015.04.27"]
[Round "2"]
[White "Frantz, Nicolas"]
[Black "Mirimanian, Hayk"]
[Result "1-0"]
[WhiteElo "1920"]
[BlackElo "2274"]
[PlyCount "59"]
[EventDate "2015.04.26"]
[EventType "swiss"]
[EventRounds "9"]
[EventCountry "FRA"]
[SourceTitle "CBM 166 Extra"]
[Source "ChessBase"]
[SourceDate "2015.06.18"]
[SourceVersion "1"]
[SourceVersionDate "2015.06.18"]
[SourceQuality "1"]

1. e4 e5 2. Nf3 Nc6 3. Bb5 g6 4. d4 exd4 5. c3 Nge7 6. cxd4 d5 7. exd5 Nxd5 8. 0-0 Bg7 9. Bg5 Qd6 10. Re1+ Be6 11. Nbd2 0-0 12. Ne4 Qb4 13. Bxc6 bxc6 14. Qd2 Rfe8 15. Rac1 Qb6 16. Bh6 f6 17. Bxg7 Kxg7 18. h3 Bf7 19. g4 g5 20. h4 Bg6 21. Nc5 h6 22. b3 Nf4 23. Re3 Rad8 24. Rce1 Qb8 25. Re7+ Rxe7 26. Rxe7+ Kf8 27. Nd7+ Rxd7 28. Rxd7 Qc8 29. Qb4+ Kg8 30. Qe7 1-0

[Event "Metz op-B 29th"]
[Site "Metz"]
[Date "2011.05.05"]
[Round "5"]
[White "Schmidt, Alain"]
[Black "Frantz, Nicolas"]
[Result "0-1"]
[WhiteElo "1866"]
[BlackElo "1742"]
[PlyCount "62"]
[EventDate "2011.05.02"]
[EventType "swiss"]
[EventRounds "9"]
[EventCountry "FRA"]
[SourceTitle "EXT 2013"]
[Source "ChessBase"]
[SourceDate "2012.11.22"]
[SourceVersion "1"]
[SourceVersionDate "2012.11.22"]
[SourceQuality "1"]

1. d4 Nf6 2. Nf3 c5 3. d5 g6 4. c4 b5 5. b3 bxc4 6. bxc4 Bg7 7. Bb2 0-0 8. Qc2 d6 9. Nbd2 Nbd7 10. e4 Rb8 11. Bc3 Ne8 12. Bd3 Ne5 13. Nxe5 dxe5 14. 0-0 Nd6 15. Rab1 Rxb1 16. Rxb1 e6 17. Qb2 Qg5 18. Nf3 Qh5 19. Bxe5 Bxe5 20. Nxe5 exd5 21. cxd5 Re8 22. f4 g5 23. f5 f6 24. Be2 Qh4 25. Ng4 Nxe4 26. Nxf6+ Nxf6 27. Qxf6 Rxe2 28. Qd8+ Kf7 29. Qc7+ Re7 30. Qa5 Qd4+ 31. Kh1 Bxf5 0-1

[Event "Metz op-B 29th"]
[Site "Metz"]
[Date "2011.05.02"]
[Round "1"]
[White "Frantz, Nicolas"]
[Black "Azorit, Louis"]
[Result "1/2-1/2"]
[WhiteElo "1742"]
[BlackElo "2013"]
[PlyCount "119"]
[EventDate "2011.05.02"]
[EventType "swiss"]
[EventRounds "9"]
[EventCountry "FRA"]
[SourceTitle "EXT 2013"]
[Source "ChessBase"]
[SourceDate "2012.11.22"]
[SourceVersion "1"]
[SourceVersionDate "2012.11.22"]
[SourceQuality "1"]

1. e4 c6 2. d4 d5 3. exd5 cxd5 4. Bd3 Nf6 5. Bf4 Nc6 6. c3 e6 7. Nd2 Bd6 8. Bg3 Bxg3 9. hxg3 e5 10. dxe5 Nxe5 11. Qe2 Qe7 12. Bb5+ Nc6 13. Qxe7+ Kxe7 14. Ngf3 Re8 15. 0-0-0 Kf8 16. Nb3 a6 17. Bd3 h6 18. Rhe1 Bg4 19. Rxe8+ Rxe8 20. Re1 Rxe1+ 21. Nxe1 Ke7 22. Nc2 Kd6 23. Ncd4 Bc8 24. f3 Nh5 25. Bf5 Be6 26. g4 Nxd4 27. Nxd4 Ng3 28. Bd3 h5 29. gxh5 Nxh5 30. Ne2 g5 31. Kd2 f5 32. g3 f4 33. g4 Nf6 34. Nd4 Bd7 35. b4 Ne8 36. a3 Ke7 37. Kc2 Nd6 38. Kb3 b5 39. Bb1 Nc4 40. Bh7 Nd2+ 41. Kb2 Nc4+ 42. Kb3 Ne3 43. Bb1 Nc4 44. Bh7 Kd6 45. Bd3 Ne5 46. Bb1 Nc6 47. Bd3 Ke5 48. Nxc6+ Bxc6 49. Kc2 d4 50. Be2 Bd5 51. Kd2 Bb3 52. Bd3 Bd5 53. Be2 dxc3+ 54. Kxc3 Bc6 55. Bd1 Kd5 56. Be2 Ke5 57. Bd1 Bd5 58. Be2 Be6 59. Bd3 Bd5 60. Be2 1/2-1/2

[Event "Wasselonne op"]
[Site "Wasselonne"]
[Date "2009.08.09"]
[Round "7"]
[White "Frantz, Nicolas"]
[Black "Heckly, Jean Louis"]
[Result "1/2-1/2"]
[WhiteElo "1620"]
[BlackElo "1780"]
[PlyCount "69"]
[EventDate "2009.08.06"]
[EventType "swiss"]
[EventRounds "7"]
[EventCountry "FRA"]
[SourceTitle "EXT 2011"]
[Source "ChessBase"]
[SourceDate "2010.11.26"]
[SourceVersion "1"]
[SourceVersionDate "2010.11.26"]
[SourceQuality "1"]

1. e4 e5 2. Nf3 Nc6 3. Bb5 a6 4. Ba4 Nf6 5. 0-0 Be7 6. Re1 b5 7. Bb3 0-0 8. c3 d5 9. exd5 Nxd5 10. Nxe5 Nxe5 11. Rxe5 c6 12. d4 Bd6 13. Bxd5 Bxe5 14. Bxc6 Rb8 15. Bf3 Bc7 16. Be3 Bb7 17. Nd2 Qd6 18. g3 Bxf3 19. Qxf3 f5 20. Bf4 Qd7 21. Bxc7 Qxc7 22. Re1 Qd7 23. Nb3 Rbe8 24. Rxe8 Rxe8 25. Nc5 Qc8 26. Qd5+ Kh8 27. Qf7 Rf8 28. Qd7 Qa8 29. Ne6 Rg8 30. Ng5 h6 31. Nf7+ Kh7 32. Qxf5+ g6 33. Qg4 Qd5 34. Ne5 Qxa2 35. Qe2 1/2-1/2

[Event "Wasselonne op"]
[Site "Wasselonne"]
[Date "2009.08.08"]
[Round "5"]
[White "Frantz, Nicolas"]
[Black "Breffi, Nicolas"]
[Result "1/2-1/2"]
[WhiteElo "1620"]
[BlackElo "1835"]
[PlyCount "41"]
[EventDate "2009.08.06"]
[EventType "swiss"]
[EventRounds "7"]
[EventCountry "FRA"]
[SourceTitle "EXT 2011"]
[Source "ChessBase"]
[SourceDate "2010.11.26"]
[SourceVersion "1"]
[SourceVersionDate "2010.11.26"]
[SourceQuality "1"]

1. e4 e6 2. d4 d5 3. Nd2 Nf6 4. e5 Nfd7 5. Bd3 c5 6. c3 Nc6 7. Ne2 a6 8. 0-0 Be7 9. f4 f5 10. Nf3 h6 11. h3 b5 12. g4 g6 13. a3 Kf7 14. Kh2 Na5 15. dxc5 Nxc5 16. b4 Nxd3 17. Qxd3 Nc4 18. Nd2 Bb7 19. Nxc4 dxc4 20. Qxd8 Raxd8 21. Nd4 1/2-1/2